[Event "Outaouais-ch reserve"]
[Site "Gatineau"]
[Date "2016.04.12"]
[Round "1"]
[White "Villeneuve, Luc"]
[Black "Clermont, Yves"]
[Result "0-1"]
[WhiteElo "1621"]
[BlackElo "1179"]
[PlyCount "64"]
[EventDate "2016.04.12"]
[EventType "tourn"]
[EventRounds "7"]
[EventCountry "CAN"]
[SourceTitle "EXT 2022"]
[Source "ChessBase"]
[SourceDate "2021.10.06"]
[SourceVersion "1"]
[SourceVersionDate "2021.10.06"]
[SourceQuality "1"]

1. Nf3 d5 2. c4 c6 3. Qa4 Bd7 4. cxd5 cxd5 5. Qb3 Bc6 6. d4 Nf6 7. Nc3 e6 8. Bf4 Bd6 9. Be5 0-0 10. 0-0-0 a5 11. e4 Nxe4 12. Nxe4 dxe4 13. d5 exf3 14. dxc6 Qg5+ 15. Kb1 Qxe5 16. Qxb7 Qe4+ 17. Bd3 Qxc6 18. Qxc6 Nxc6 19. Be4 fxg2 20. Rhg1 Bxh2 21. Rxg2 Be5 22. Bxc6 Rab8 23. f4 Bxf4 24. Rd4 Rfc8 25. Rc2 Be5 26. Rdc4 g5 27. Rc5 f6 28. b3 Rd8 29. Bf3 Kg7 30. Rxa5 Rbc8 31. Ra7+ Kg6 32. Re2 Rd1# 0-1

[Event "Gatineau Hull CC Reserve-A"]
[Site "Gatineau"]
[Date "2015.12.15"]
[Round "4"]
[White "Villeneuve, Luc"]
[Black "Morones, Oliver"]
[Result "0-1"]
[WhiteElo "1693"]
[BlackElo "1311"]
[PlyCount "46"]
[EventDate "2015.11.24"]
[EventType "swiss"]
[EventRounds "5"]
[EventCountry "CAN"]
[SourceTitle "EXT 2022"]
[Source "ChessBase"]
[SourceDate "2021.10.06"]
[SourceVersion "1"]
[SourceVersionDate "2021.10.06"]
[SourceQuality "1"]

1. Nf3 d5 2. c4 dxc4 3. e4 b5 4. a4 Bb7 5. axb5 Bxe4 6. Bxc4 Bd3 7. Qb3 Bxc4 8. Qxc4 Qd6 9. Ng5 e6 10. d4 h6 11. Ne4 Qb4+ 12. Nbd2 Qe7 13. Ra6 Nf6 14. Nd6+ Kd7 15. Nb3 cxd6 16. Bf4 e5 17. dxe5 dxe5 18. Nc5+ Ke8 19. Ne6 Qb4+ 20. Bd2 Qxc4 21. Nc7+ Qxc7 22. Ba5 Qc1+ 23. Ke2 Qxh1 0-1

[Event "Gatineau Hull CC Reserve-A"]
[Site "Gatineau"]
[Date "2015.12.08"]
[Round "3"]
[White "Jobin, Gilles G"]
[Black "Villeneuve, Luc"]
[Result "1-0"]
[WhiteElo "1752"]
[BlackElo "1693"]
[PlyCount "69"]
[EventDate "2015.11.24"]
[EventType "swiss"]
[EventRounds "5"]
[EventCountry "CAN"]
[SourceTitle "EXT 2022"]
[Source "ChessBase"]
[SourceDate "2021.10.06"]
[SourceVersion "1"]
[SourceVersionDate "2021.10.06"]
[SourceQuality "1"]

1. e4 Nc6 2. Nf3 d6 3. d4 Bg4 4. Bb5 a6 5. Bxc6+ bxc6 6. Qd3 Nf6 7. Bd2 e6 8. Nc3 Be7 9. h3 Bh5 10. Bg5 Nd7 11. Bxe7 Qxe7 12. 0-0 c5 13. d5 Qf6 14. Rae1 Bg6 15. Qe3 Ne5 16. Nxe5 Qxe5 17. f4 Qd4 18. f5 Bh5 19. g4 Bxg4 20. hxg4 Qe5 21. Qf4 Qd4+ 22. Qf2 Rb8 23. Qxd4 cxd4 24. Na4 exd5 25. exd5+ Kd7 26. Rf4 Rb4 27. b3 g5 28. fxg6 fxg6 29. a3 Rb5 30. Rxd4 c5 31. Rf4 h5 32. g5 c4 33. bxc4 Ra5 34. Rf7+ Kd8 35. Nb6 1-0

[Event "Outaouais op U1900"]
[Site "Gatineau"]
[Date "2015.06.07"]
[Round "4"]
[White "Gignac, Guy"]
[Black "Villeneuve, Luc"]
[Result "0-1"]
[WhiteElo "1539"]
[BlackElo "1779"]
[PlyCount "142"]
[EventDate "2015.06.05"]
[EventType "swiss"]
[EventRounds "5"]
[EventCountry "CAN"]
[SourceTitle "EXT 2019"]
[Source "ChessBase"]
[SourceDate "2018.10.10"]
[SourceVersion "1"]
[SourceVersionDate "2018.10.10"]
[SourceQuality "1"]

1. d4 g6 2. e4 Bg7 3. Be3 d6 4. Nc3 Nf6 5. h3 c6 6. Qd2 h6 7. f4 b5 8. a3 e6 9. Bd3 Nbd7 10. Nge2 Nb6 11. b3 d5 12. e5 Ng8 13. 0-0 Ne7 14. Ng3 Nf5 15. Nxf5 exf5 16. Kh2 Be6 17. a4 b4 18. Ne2 a5 19. c3 Bf8 20. cxb4 Bxb4 21. Qc2 Bd7 22. Bd2 Qe7 23. Bxb4 Qxb4 24. Qc3 Qxc3 25. Nxc3 Rb8 26. Rab1 Na8 27. Rf2 Nc7 28. Rff1 Ne6 29. Ne2 Rb4 30. Ba6 Nxd4 31. Nxd4 Rxd4 32. Rbc1 Rb4 33. Rc5 Rxb3 34. Rxa5 Ke7 35. Be2 Rhb8 36. Ra7 R8b7 37. Ra8 Rb8 38. Ra7 R3b7 39. Ra5 f6 40. exf6+ Kxf6 41. Bf3 Ke6 42. Re1+ Kd6 43. Rc1 Rb4 44. g3 Rb3 45. Bg2 Rb2 46. Rac5 Ra2 47. R5c2 Rxc2 48. Rxc2 Ra8 49. Rb2 Rxa4 50. Rb8 Ke7 51. Rh8 h5 52. Rh7+ Kd8 53. Rh8+ Be8 54. Kg1 Rd4 55. Kf2 Rd2+ 56. Kf1 c5 57. Bf3 c4 58. Ke1 c3 59. Bd1 Ke7 60. Rh7+ Kd6 61. Ra7 d4 62. Ra6+ Kc5 63. Re6 Bf7 64. Rf6 Bd5 65. Rxg6 Be4 66. Rg8 Rh2 67. Rc8+ Kb4 68. Rb8+ Kc5 69. Rc8+ Kb6 70. Bb3 Rh1+ 71. Kf2 c2 0-1

[Event "Outaouais op U1900"]
[Site "Gatineau"]
[Date "2015.06.06"]
[Round "2"]
[White "Demchenko, Svitlana"]
[Black "Villeneuve, Luc"]
[Result "1-0"]
[WhiteElo "1747"]
[BlackElo "1779"]
[PlyCount "47"]
[EventDate "2015.06.05"]
[EventType "swiss"]
[EventRounds "5"]
[EventCountry "CAN"]
[SourceTitle "EXT 2019"]
[Source "ChessBase"]
[SourceDate "2018.10.10"]
[SourceVersion "1"]
[SourceVersionDate "2018.10.10"]
[SourceQuality "1"]

1. e4 d5 2. exd5 Qxd5 3. Nc3 Qd6 4. d4 Nf6 5. h3 c6 6. Nf3 g6 7. Be3 Bg7 8. Bd3 Nbd7 9. Qd2 h6 10. 0-0-0 Nd5 11. Nxd5 cxd5 12. Rhe1 Kf8 13. Bf4 Qb6 14. Qe3 e6 15. c3 Kg8 16. g4 h5 17. gxh5 Rxh5 18. Ng5 e5 19. dxe5 Qxe3+ 20. Rxe3 Nxe5 21. Be2 Nc4 22. Bxc4 dxc4 23. Re8+ Bf8 24. Rdd8 1-0

[Event "Gatineau op-B"]
[Site "Gatineau"]
[Date "2015.03.??"]
[Round "4"]
[White "Ju, Lawrence"]
[Black "Villeneuve, Luc"]
[Result "1/2-1/2"]
[WhiteElo "1553"]
[BlackElo "1804"]
[PlyCount "55"]
[EventDate "2015.03.07"]
[EventType "swiss"]
[EventRounds "5"]
[EventCountry "CAN"]
[SourceTitle "EXT 2016"]
[Source "ChessBase"]
[SourceDate "2015.10.08"]
[SourceVersion "1"]
[SourceVersionDate "2015.10.08"]
[SourceQuality "1"]

1. d4 g6 2. c4 Bg7 3. Nc3 d6 4. Nf3 Bg4 5. h3 Bxf3 6. exf3 Nc6 7. Be3 e5 8. d5 Nce7 9. c5 a6 10. Qa4+ Kf8 11. cxd6 cxd6 12. Qb4 Qd7 13. Bc4 f5 14. Bb6 Nc8 15. Na4 Nge7 16. Rc1 Bh6 17. Rc2 Kg7 18. Qb3 Bg5 19. Bd3 Bf6 20. Rc7 Qd8 21. Rxb7 Nxb6 22. Nxb6 Rb8 23. Rxb8 Qxb8 24. Bxa6 Qc7 25. Nc4 Rb8 26. Bb5 Nxd5 27. 0-0 Nf4 28. Re1 1/2-1/2

[Event "Gatineau op-B"]
[Site "Gatineau"]
[Date "2015.03.??"]
[Round "5"]
[White "Villeneuve, Luc"]
[Black "Ju, Terrence"]
[Result "1-0"]
[WhiteElo "1804"]
[BlackElo "1696"]
[PlyCount "85"]
[EventDate "2015.03.07"]
[EventType "swiss"]
[EventRounds "5"]
[EventCountry "CAN"]
[SourceTitle "EXT 2016"]
[Source "ChessBase"]
[SourceDate "2015.10.08"]
[SourceVersion "1"]
[SourceVersionDate "2015.10.08"]
[SourceQuality "1"]

1. Nf3 d5 2. b3 Nf6 3. Bb2 c5 4. g3 Bf5 5. Bg2 Nc6 6. d4 e6 7. 0-0 Bd6 8. a3 0-0 9. dxc5 Bxc5 10. b4 Bd6 11. Nbd2 Rc8 12. h3 Qc7 13. Nh4 Bxh3 14. Bxh3 Bxg3 15. Nhf3 Nh5 16. e3 Bd6 17. Rc1 Ne7 18. c4 Qb8 19. c5 Bc7 20. Bg4 Nf6 21. Bh3 Nf5 22. Bxf5 exf5 23. Bxf6 gxf6 24. Kh1 Kh8 25. Rg1 f4 26. Qc2 fxe3 27. Qf5 Be5 28. fxe3 Rg8 29. Rxg8+ Rxg8 30. Rg1 Rxg1+ 31. Kxg1 Bc3 32. Kg2 Qg8+ 33. Kf2 Qd8 34. Nb3 Bb2 35. a4 Bc3 36. b5 b6 37. c6 Qd6 38. Nbd4 Bxd4 39. exd4 Kg7 40. Qg4+ Kf8 41. Qc8+ Ke7 42. Qb7+ Ke6 43. c7 1-0

[Event "Gatineau op-B"]
[Site "Gatineau"]
[Date "2015.03.??"]
[Round "2"]
[White "Villeneuve, Luc"]
[Black "Vlasenko, Konstantin"]
[Result "1-0"]
[WhiteElo "1804"]
[BlackElo "1613"]
[PlyCount "103"]
[EventDate "2015.03.07"]
[EventType "swiss"]
[EventRounds "5"]
[EventCountry "CAN"]
[SourceTitle "EXT 2016"]
[Source "ChessBase"]
[SourceDate "2015.10.08"]
[SourceVersion "1"]
[SourceVersionDate "2015.10.08"]
[SourceQuality "1"]

1. Nf3 f5 2. c4 Nf6 3. Nc3 e6 4. d3 Be7 5. g3 0-0 6. Bg2 c5 7. 0-0 d6 8. Bg5 h6 9. Bd2 e5 10. Nh4 Qe8 11. Nd5 Nxd5 12. Bxd5+ Kh7 13. Ng2 Nd7 14. Ne3 Nf6 15. Bg2 f4 16. Nd5 Nxd5 17. Bxd5 Bh3 18. Bxb7 fxg3 19. hxg3 Rb8 20. Be4+ Kh8 21. Bc3 Bxf1 22. Qxf1 Qh5 23. Re1 Rf6 24. Qg2 Rbf8 25. f4 g5 26. fxe5 dxe5 27. Bxe5 g4 28. Bc3 Kg7 29. Rf1 Qg5 30. Rf4 h5 31. Bf5 Kh6 32. e4 Ra6 33. Bd2 Rxf5 34. Rxf5 Rxa2 35. Bxg5+ Bxg5 36. Rxg5 Kxg5 37. Qd2+ Kg6 38. Kg2 a5 39. Qc3 a4 40. Kf1 Ra1+ 41. Ke2 Rh1 42. Qe5 Rh2+ 43. Ke3 h4 44. Qd6+ Kf7 45. Qd7+ Kf6 46. Qf5+ Ke7 47. Qxc5+ Kd8 48. Qg5+ Ke8 49. gxh4 Rh3+ 50. Kd4 g3 51. Qb5+ Kf7 52. Qf5+ 1-0

[Event "Gatineau Outaouais op U1900"]
[Site "Gatineau"]
[Date "2014.06.??"]
[Round "5"]
[White "Ju, Terrence"]
[Black "Villeneuve, Luc"]
[Result "1-0"]
[WhiteElo "1524"]
[BlackElo "1753"]
[PlyCount "27"]
[EventDate "2014.06.??"]
[EventType "swiss"]
[EventRounds "5"]
[EventCountry "CAN"]
[SourceTitle "EXT 2022"]
[Source "ChessBase"]
[SourceDate "2021.10.06"]
[SourceVersion "1"]
[SourceVersionDate "2021.10.06"]
[SourceQuality "1"]

1. d4 g6 2. Nf3 Bg7 3. c4 d6 4. Nc3 Nf6 5. e4 0-0 6. Bg5 h6 7. Be3 Ng4 8. Qd2 Nxe3 9. Qxe3 Na6 10. Be2 c5 11. 0-0 Bg4 12. e5 cxd4 13. Qxd4 dxe5 14. Qxg4 1-0

[Event "Gatineau Outaouais op U1900"]
[Site "Gatineau"]
[Date "2014.06.??"]
[Round "1"]
[White "Villeneuve, Luc"]
[Black "Mathieu, Jeremie"]
[Result "1-0"]
[WhiteElo "1753"]
[BlackElo "1584"]
[PlyCount "93"]
[EventDate "2014.06.??"]
[EventType "swiss"]
[EventRounds "5"]
[EventCountry "CAN"]
[SourceTitle "EXT 2022"]
[Source "ChessBase"]
[SourceDate "2021.10.06"]
[SourceVersion "1"]
[SourceVersionDate "2021.10.06"]
[SourceQuality "1"]

1. Nf3 Nf6 2. d4 g6 3. c4 Bg7 4. Nc3 0-0 5. e4 d6 6. Be2 c6 7. 0-0 Nbd7 8. h3 e5 9. Be3 Qc7 10. d5 a6 11. Nd2 Ne8 12. g4 f5 13. exf5 gxf5 14. gxf5 Nb6 15. Qb3 c5 16. Kh2 Bxf5 17. Nce4 Nf6 18. Ng3 Bg6 19. h4 h5 20. Qd1 Qf7 21. Rg1 Kh7 22. Kh1 Bh6 23. Bxh6 Kxh6 24. Qb3 Qd7 25. Qe3+ Kh7 26. Kh2 Ng4+ 27. Bxg4 Qxg4 28. Qg5 Rxf2+ 29. Rg2 Raf8 30. Qxg4 hxg4 31. h5 Bd3 32. Rc1 R8f4 33. b3 e4 34. Re1 Kh6 35. Ndxe4 Nxc4 36. bxc4 Bxc4 37. Nxf2 Bxd5 38. Nfe4 c4 39. Nxd6 Bxg2 40. Kxg2 Kg5 41. Re5+ Kh6 42. Re6+ Kh7 43. Re7+ Kh6 44. Rxb7 Rf6 45. Ndf5+ Kg5 46. Nd4 Rf4 47. Ne6+ 1-0

[Event "Gatineau op"]
[Site "Gatineau"]
[Date "2014.03.01"]
[Round "3"]
[White "Desjardins, Michel"]
[Black "Villeneuve, Luc"]
[Result "1-0"]
[WhiteElo "1971"]
[BlackElo "1857"]
[PlyCount "98"]
[EventDate "2014.01.28"]
[EventType "swiss"]
[EventRounds "5"]
[EventCountry "CAN"]
[SourceTitle "EXT 2015"]
[Source "ChessBase"]
[SourceDate "2014.11.20"]
[SourceVersion "1"]
[SourceVersionDate "2014.11.20"]
[SourceQuality "1"]

1. e4 c5 2. Nc3 Nc6 3. g3 g6 4. Bg2 Bg7 5. d3 e6 6. Be3 d6 7. Qd2 Nd4 8. Nge2 Ne7 9. 0-0 0-0 10. Rab1 Nec6 11. a3 Kh8 12. b4 Nxe2+ 13. Nxe2 b6 14. Bh6 Bd7 15. Bxg7+ Kxg7 16. d4 Qe7 17. Rfd1 cxb4 18. axb4 Rfd8 19. f4 Rdc8 20. d5 Nd8 21. dxe6 Bxe6 22. Nd4 Bg4 23. Rf1 Bd7 24. f5 Qe5 25. Kh1 f6 26. fxg6 hxg6 27. Nf3 Qe7 28. Rbd1 Nf7 29. Nd4 Rc4 30. Rf2 Qe5 31. Bf1 Rcc8 32. Re1 Rf8 33. Nf3 Qe7 34. b5 Rac8 35. Nd4 Ne5 36. Qb4 Rc5 37. Rd2 Bg4 38. Bg2 Bd7 39. Rf1 Ng4 40. Qb3 Ne5 41. h3 Nc4 42. Rdf2 Ne5 43. g4 Rc4 44. Qb2 Rc5 45. g5 f5 46. exf5 Qxg5 47. Ne6+ Bxe6 48. fxe6 Rxf2 49. Rxf2 Qe3 1-0

[Event "Gatineau TORO U1900"]
[Site "Gatineau"]
[Date "2013.06.09"]
[Round "4"]
[White "Jureidini, Gabriel"]
[Black "Villeneuve, Luc"]
[Result "0-1"]
[WhiteElo "1752"]
[BlackElo "1671"]
[PlyCount "64"]
[EventDate "2013.06.07"]
[EventType "swiss"]
[EventRounds "5"]
[EventCountry "CAN"]
[SourceTitle "EXT 2022"]
[Source "ChessBase"]
[SourceDate "2021.10.06"]
[SourceVersion "1"]
[SourceVersionDate "2021.10.06"]
[SourceQuality "1"]

1. e4 g6 2. d4 Bg7 3. Nc3 c6 4. Bc4 d6 5. a4 a5 6. Nf3 Nf6 7. Bb3 0-0 8. 0-0 e6 9. Bg5 h6 10. Bh4 g5 11. Bg3 d5 12. exd5 exd5 13. Ne5 Bf5 14. Nd3 Be4 15. Nxe4 Nxe4 16. Ne5 f5 17. Ng6 Rf6 18. Bxb8 Rxb8 19. Ne5 Qd6 20. h3 Rff8 21. c4 Rfd8 22. Qd3 Bxe5 23. dxe5 Qxe5 24. cxd5 Kg7 25. Qe2 Qc7 26. dxc6 Qxc6 27. Rac1 Qb6 28. Qc2 Rdc8 29. Qd3 Rxc1 30. Rxc1 Qxf2+ 31. Kh2 Qf4+ 32. g3 Qf2+ 0-1

[Event "Gatineau Benevoles"]
[Site "Gatineau"]
[Date "2012.09.25"]
[Round "3"]
[White "Berthiaume, Serge"]
[Black "Villeneuve, Luc"]
[Result "0-1"]
[WhiteElo "1403"]
[BlackElo "1625"]
[PlyCount "60"]
[EventDate "2012.09.11"]
[EventType "swiss"]
[EventRounds "4"]
[EventCountry "CAN"]
[SourceTitle "EXT 2022"]
[Source "ChessBase"]
[SourceDate "2021.10.06"]
[SourceVersion "1"]
[SourceVersionDate "2021.10.06"]
[SourceQuality "1"]

1. d4 d6 2. e4 g6 3. Nf3 Bg7 4. Be3 Nf6 5. Nc3 0-0 6. h3 c6 7. Qd2 b5 8. Bh6 b4 9. Ne2 Nxe4 10. Qe3 d5 11. Bxg7 Kxg7 12. Ng5 Nxg5 13. Qxg5 f6 14. Qd2 Qd6 15. Nf4 e5 16. Nd3 exd4 17. Nxb4 Re8+ 18. Be2 c5 19. Nd3 Qe7 20. Nf4 Ba6 21. Kd1 Bxe2+ 22. Nxe2 Nc6 23. Re1 Qd6 24. c3 dxc3 25. Nxc3 Nd4 26. Ne2 Nxe2 27. Rxe2 Rxe2 28. Qxe2 Qe5 29. Kd2 Qxb2+ 30. Ke1 Qxa1+ 0-1

[Event "Gatineau op-B"]
[Site "Gatineau"]
[Date "2012.03.04"]
[Round "5"]
[White "Lemieux, Denis"]
[Black "Villeneuve, Luc"]
[Result "1/2-1/2"]
[WhiteElo "1382"]
[BlackElo "1601"]
[PlyCount "66"]
[EventDate "2012.03.02"]
[EventType "swiss"]
[EventRounds "5"]
[EventCountry "CAN"]
[SourceTitle "EXT 2022"]
[Source "ChessBase"]
[SourceDate "2021.10.06"]
[SourceVersion "1"]
[SourceVersionDate "2021.10.06"]
[SourceQuality "1"]

1. d4 Nf6 2. c4 g6 3. Nc3 Bg7 4. e4 d6 5. Nf3 0-0 6. Be2 c6 7. 0-0 Bg4 8. h3 Bxf3 9. Bxf3 Nbd7 10. Be2 e5 11. d5 c5 12. f4 Ne8 13. f5 a6 14. Be3 g5 15. Qd2 f6 16. Bh5 Bh8 17. Bxe8 Qxe8 18. Qe2 h6 19. h4 Bg7 20. h5 Kh7 21. g4 Rh8 22. Rfb1 Rb8 23. a4 Qc8 24. b3 Bf8 25. Bd2 Be7 26. a5 Qc7 27. Qd3 Rhc8 28. Kf2 Kg7 29. Ke3 Kf7 30. Be1 Ke8 31. Ke2 Kf7 32. Ke3 Ke8 33. Ke2 Kf8 1/2-1/2

[Event "Gatineau op-B"]
[Site "Gatineau"]
[Date "2012.03.04"]
[Round "4"]
[White "Villeneuve, Luc"]
[Black "Dagenais, Benoit"]
[Result "1/2-1/2"]
[WhiteElo "1601"]
[BlackElo "1702"]
[PlyCount "85"]
[EventDate "2012.03.02"]
[EventType "swiss"]
[EventRounds "5"]
[EventCountry "CAN"]
[SourceTitle "EXT 2022"]
[Source "ChessBase"]
[SourceDate "2021.10.06"]
[SourceVersion "1"]
[SourceVersionDate "2021.10.06"]
[SourceQuality "1"]

1. c4 Nf6 2. Nc3 d5 3. cxd5 Nxd5 4. g3 Nxc3 5. bxc3 Qd5 6. Nf3 g5 7. Bg2 h5 8. Qb3 Be6 9. Qxd5 Bxd5 10. 0-0 g4 11. Nh4 Bxg2 12. Nxg2 Nc6 13. Rb1 0-0-0 14. d4 e5 15. Bg5 Rd6 16. e3 f6 17. Bh4 Bh6 18. Rfd1 Rhd8 19. Kf1 b6 20. Ke2 R8d7 21. d5 Rxd5 22. Bxf6 Rxd1 23. Rxd1 Rxd1 24. Kxd1 Kd7 25. Ke2 Ke6 26. Bh4 Kd5 27. Kd3 b5 28. e4+ Ke6 29. Ne3 Bxe3 30. Kxe3 b4 31. cxb4 Nxb4 32. Bd8 c5 33. a4 Nc2+ 34. Kd3 Nd4 35. Kc4 Kd6 36. Ba5 Nf3 37. Kb5 Nd4+ 38. Ka6 Nc6 39. Bc3 Kc7 40. Kb5 Kd6 41. Ka6 Kc7 42. Kb5 Kd6 43. Ka6 1/2-1/2

[Event "Gatineau Maisonneuve Memorial"]
[Site "Gatineau"]
[Date "2011.11.15"]
[Round "4"]
[White "Legault, Stephane"]
[Black "Villeneuve, Luc"]
[Result "0-1"]
[WhiteElo "1522"]
[BlackElo "1533"]
[PlyCount "62"]
[EventDate "2011.10.25"]
[EventType "swiss"]
[EventRounds "4"]
[EventCountry "CAN"]
[SourceTitle "EXT 2022"]
[Source "ChessBase"]
[SourceDate "2021.10.06"]
[SourceVersion "1"]
[SourceVersionDate "2021.10.06"]
[SourceQuality "1"]

1. e4 g6 2. Nf3 Bg7 3. d4 d6 4. Bc4 e6 5. 0-0 Ne7 6. Qe2 0-0 7. d5 e5 8. Qd3 h6 9. Nc3 f5 10. Nh4 f4 11. b4 g5 12. Nf3 Ng6 13. Bb2 g4 14. Ne1 Nd7 15. Ne2 Nf6 16. f3 Kh8 17. Bb3 gxf3 18. Nxf3 Qe7 19. Nd2 Ng4 20. Rf3 Ne3 21. Rxe3 fxe3 22. Qxe3 Nf4 23. Ng3 h5 24. c4 h4 25. Ne2 Qg5 26. Nxf4 exf4 27. Bxg7+ Qxg7 28. Qe1 h3 29. Qh4+ Kg8 30. g3 Qxa1+ 31. Nf1 Qd4+ 0-1

[Event "Outaouais-ch B"]
[Site "Gatineau"]
[Date "2007.05.15"]
[Round "4"]
[White "Berthiaume, Serge"]
[Black "Villeneuve, Luc"]
[Result "1-0"]
[WhiteElo "1229"]
[BlackElo "1514"]
[PlyCount "23"]
[EventDate "2007.04.24"]
[EventType "swiss"]
[EventRounds "6"]
[EventCountry "CAN"]
[SourceTitle "EXT 2022"]
[Source "ChessBase"]
[SourceDate "2021.10.06"]
[SourceVersion "1"]
[SourceVersionDate "2021.10.06"]
[SourceQuality "1"]

1. d4 Nf6 2. c4 g6 3. Nc3 Bg7 4. Bf4 d6 5. Nf3 c6 6. e4 Bg4 7. h3 Bxf3 8. Qxf3 Nbd7 9. Be2 Nh5 10. Rd1 Nxf4 11. Qxf4 Bxd4 12. Qh6 1-0

[Event "Gatineau Monarque blanc"]
[Site "Gatineau"]
[Date "2007.01.30"]
[Round "3"]
[White "Chirokova, Elena"]
[Black "Villeneuve, Luc"]
[Result "0-1"]
[WhiteElo "1300"]
[BlackElo "1571"]
[PlyCount "70"]
[EventDate "2007.01.16"]
[EventType "swiss"]
[EventRounds "7"]
[EventCountry "CAN"]
[SourceTitle "EXT 2022"]
[Source "ChessBase"]
[SourceDate "2021.10.06"]
[SourceVersion "1"]
[SourceVersionDate "2021.10.06"]
[SourceQuality "1"]

1. e4 d6 2. d4 Nf6 3. Nc3 g6 4. Bc4 Bg7 5. Nf3 0-0 6. 0-0 c6 7. a4 Qc7 8. Re1 e5 9. d5 c5 10. h3 a6 11. Na2 h6 12. c3 Nh5 13. Bf1 Nd7 14. b4 a5 15. bxc5 Nxc5 16. c4 f5 17. Nc3 fxe4 18. Nxe4 Nxe4 19. Rxe4 Bf5 20. Re1 Nf4 21. Ra2 g5 22. g3 Nxh3+ 23. Bxh3 Bxh3 24. Nd2 Rxf2 25. Kxf2 Qb6+ 26. Re3 Rf8+ 27. Nf3 e4 28. Ke1 exf3 29. Rxf3 Qg1+ 30. Kd2 Qxd1+ 31. Kxd1 Rxf3 32. Ba3 Be5 33. Rh2 Rxg3 34. Bc1 Rg1+ 35. Kc2 Bxh2 0-1

[Event "Gatineau Nez rouge A"]
[Site "Gatineau"]
[Date "2006.11.28"]
[Round "2"]
[White "Gagnon, Fabien"]
[Black "Villeneuve, Luc"]
[Result "1-0"]
[WhiteElo "2008"]
[BlackElo "1560"]
[PlyCount "50"]
[EventDate "2006.11.21"]
[EventType "swiss"]
[EventRounds "5"]
[EventCountry "CAN"]
[SourceTitle "EXT 2022"]
[Source "ChessBase"]
[SourceDate "2021.10.06"]
[SourceVersion "1"]
[SourceVersionDate "2021.10.06"]
[SourceQuality "1"]

1. d4 f5 2. c4 Nf6 3. Nf3 g6 4. g3 Bg7 5. Bg2 c6 6. 0-0 0-0 7. Nc3 d6 8. Qd3 Nh5 9. Bf4 Nxf4 10. gxf4 Bh6 11. e3 Na6 12. a3 e6 13. Rfd1 Nc7 14. b4 Bg7 15. Rac1 Bh6 16. d5 cxd5 17. cxd5 Re8 18. dxe6 Rxe6 19. Nd5 Nxd5 20. Qxd5 Kh8 21. Ne5 Qe7 22. Nc4 Bf8 23. Rd2 Qf6 24. Rcd1 Rb8 25. Qd4 Qxd4 1-0

[Event "Gatineau Roger Roy Memorial"]
[Site "Gatineau"]
[Date "2006.10.24"]
[Round "2"]
[White "Villeneuve, Luc"]
[Black "Kennedy, Philip"]
[Result "1-0"]
[WhiteElo "1560"]
[BlackElo "1296"]
[PlyCount "93"]
[EventDate "2006.10.17"]
[EventType "swiss"]
[EventRounds "5"]
[EventCountry "CAN"]
[SourceTitle "EXT 2022"]
[Source "ChessBase"]
[SourceDate "2021.10.06"]
[SourceVersion "1"]
[SourceVersionDate "2021.10.06"]
[SourceQuality "1"]

1. c4 Nc6 2. d4 d5 3. Nc3 Nf6 4. Nf3 g6 5. cxd5 Nxd5 6. e4 Nxc3 7. bxc3 Bg7 8. Be2 e6 9. Ba3 Ne7 10. Qa4+ Bd7 11. Qb4 Bf8 12. Qb2 Rb8 13. h4 h5 14. c4 Rg8 15. g4 Bg7 16. gxh5 gxh5 17. Rg1 Ng6 18. Ne5 Nxe5 19. dxe5 Qxh4 20. Qb4 Bc6 21. Rxg7 Qh1+ 22. Bf1 Qxe4+ 23. Be2 Qh1+ 24. Kd2 Rd8+ 25. Kc2 Qe4+ 26. Kb3 Rd3+ 27. Bxd3 Qxd3+ 28. Kb2 Qe2+ 29. Kc3 Qxe5+ 30. Kb3 Qd6 31. Rxg8+ Ke7 32. Qc3 a5 33. Rd1 a4+ 34. Kb2 Kd7 35. Bxd6 cxd6 36. Qe5 d5 37. Qb8 a3+ 38. Kc3 Ba4 39. Qd8+ Kc6 40. cxd5+ Kc5 41. Qc7+ Bc6 42. Qa5+ b5 43. Qa7+ Kd6 44. dxc6+ Ke5 45. Qd4+ Kf5 46. Re1 b4+ 47. Kb3 1-0

[Event "Gatineau Hull CC 27 Ann-B"]
[Site "Gatineau"]
[Date "2006.09.12"]
[Round "1"]
[White "Carrier, Simon"]
[Black "Villeneuve, Luc"]
[Result "0-1"]
[WhiteElo "957"]
[BlackElo "1535"]
[PlyCount "70"]
[EventDate "2006.09.12"]
[EventType "swiss"]
[EventRounds "5"]
[EventCountry "CAN"]
[SourceTitle "EXT 2022"]
[Source "ChessBase"]
[SourceDate "2021.10.06"]
[SourceVersion "1"]
[SourceVersionDate "2021.10.06"]
[SourceQuality "1"]

1. e4 d6 2. h3 Nf6 3. Nc3 c5 4. Nf3 e5 5. d3 h6 6. Be2 Be6 7. 0-0 Be7 8. Be3 g5 9. Nd5 Bxd5 10. exd5 Nxd5 11. c3 Nxe3 12. fxe3 Qb6 13. Qd2 f5 14. a4 Nc6 15. Rab1 a5 16. e4 f4 17. d4 cxd4 18. Bb5 dxc3+ 19. Qf2 Qxf2+ 20. Rxf2 0-0-0 21. bxc3 d5 22. Bxc6 bxc6 23. Nxe5 Bc5 24. Nf7 Bxf2+ 25. Kxf2 dxe4 26. Rb6 Kc7 27. Ra6 Ra8 28. Rxa8 Rxa8 29. Nxh6 e3+ 30. Ke2 Rd8 31. Ng4 Rd2+ 32. Ke1 Rxg2 33. Ne5 Rg3 34. Nf7 f3 35. Nxg5 Rg1# 0-1

[Event "Gatineau Monarque Noir op"]
[Site "Gatineau"]
[Date "2006.01.03"]
[Round "1"]
[White "Villeneuve, Luc"]
[Black "Runge, Evan"]
[Result "1-0"]
[WhiteElo "1601"]
[BlackElo "1210"]
[PlyCount "59"]
[EventDate "2006.01.03"]
[EventType "swiss"]
[EventRounds "7"]
[EventCountry "CAN"]
[SourceTitle "EXT 2007"]
[Source "ChessBase"]
[SourceDate "2006.11.23"]
[SourceVersion "1"]
[SourceVersionDate "2006.11.23"]
[SourceQuality "1"]

1. Nf3 d5 2. c4 e6 3. cxd5 exd5 4. d4 Nf6 5. Bg5 b6 6. Nc3 Be7 7. e3 0-0 8. Bd3 Bb7 9. 0-0 Nbd7 10. Qc2 h6 11. Bh4 Rc8 12. Rfe1 Re8 13. Ne5 c5 14. f4 a6 15. Bf5 Qc7 16. Rac1 Bd6 17. Qf2 g6 18. Nxd7 Nxd7 19. Qg3 Kh7 20. Bd3 f5 21. Qh3 Be7 22. Bg5 Bxg5 23. fxg5 h5 24. Ne2 Nf8 25. Nf4 Qf7 26. g4 fxg4 27. Qxh5+ Kg8 28. Bxg6 Nxg6 29. Nxg6 Kg7 30. Qh6+ 1-0